|
|
|
|
| LEADER |
00927nab#a2200349#ar4500 |
| 001 |
000090409 |
| 003 |
SVKKK |
| 005 |
20080711094118.0 |
| 008 |
080625c2008 xo |||||||||||||||b|slo |
| FMT |
|
|
|
| 015 |
|
|
|a SNBRB2008/07
|
| 038 |
|
|
|a SVKKK
|
| 040 |
|
|
|a SVKKK
|b slo
|e AACR2
|
| 041 |
0 |
|
|a slo
|
| 044 |
|
|
|a xo
|c SK
|
| 080 |
|
|
|a 78.071.1
|2 1997
|
| 080 |
|
|
|a 929 Dvorský, Jaroslav
|2 1997
|
| 100 |
1 |
|
|a Artimová, Zuzana
|4 ivr
|4 aut
|
| 245 |
1 |
0 |
|a Život na javisku je pre mňa nutnosť
|c Zuzana Artimová, Jaroslav Dvorský ; J. Marčinský
|
| 300 |
|
|
|b Fotogr.
|
| 600 |
1 |
4 |
|a Dvorský, Jaroslav
|d [1960]-
|x operný spevák
|
| 655 |
|
4 |
|a biografie
|
| 700 |
1 |
|
|a Dvorský, Jaroslav
|4 ive
|4 aut
|
| 700 |
1 |
|
|a Marčinský, J.
|4 pht
|
| 773 |
0 |
|
|t Katolícke noviny
|g Roč. 123, č. 22 (2008), s. 21
|x 0139-8512
|
| 958 |
|
|
|a BX
|
| 974 |
|
|
|a Čr
|
| 992 |
|
|
|a RBX
|
| BAS |
|
|
|
| 852 |
|
|
|a SVKKK
|b BIB
|
| EXP |
|
|
|
| 998 |
|
|
|a SLO
|